000 00906nas a2200289 4500
001 BR9213884
003 BR-BrBNA
005 20231205095138.0
007 ta
008 230509b bl.|||p| |||| 00| 00por d
040 _aBR-BrBNA
_bpor
_cBiblioteca Nacional de Agricultura
041 _a(Pt)
072 _aF06
100 1 _aDematte, J.B.I.
100 1 _aCassiano Sobrinho, F.
100 1 _aCastellane, P.D.
100 1 _aPerecin, D.
100 1 _aFerreira, A.C.M.
245 1 _aInfluencia de irrigacao por gotejamento e aspersao sobre desenvolvimento, producao e custos da cultura de cenoura (Daucus carota L.)cv. Kuroda
650 _aCenoura
650 _aIrrigacao
650 _aProducao Vegetal
650 _aCusto de Producao
773 0 _tCientifica (Brazil)
_xISSN 0100-0039
_g(1981), v. 9(1) p. 53-59
_wBR9213884
909 _a202311
_bLúcia
_c55
_dLúcia Elande
942 _2AGRIS
_n0
_cANA
999 _c148883
_d148883